000 00459nam a2200181Ia 4500
005 20230328092717.0
008 131103s9999 xx 000 0 und d
040 _aLoreto College
041 _aEnglish
082 _a822.91
_bBEC
100 _aBeckett, Samuel
245 _aCome and go
_b dramaticule
_cSamuel Beckett
260 _aLondon
_bCalder and Boyars
_c1968
300 _a15p.
_b plates
650 _aenglish play
850 _aLCLIB
942 _cBK
999 _c21981
_d72460